000 02643ncm0a2200421 4500
001 RU\NLR\ONIZ\303521
005 20250625141940.0
013 _a979-0-706448-18-3
021 _aRU
_b2023-000081
_92023-НО-П-6
035 _a(NLR Aleph) 022152239
090 _a12896194
_c12896194
100 _a20240129d2023 |||y0rusy50 ca
101 0 _aeng
_arus
102 _aRU
125 _aa|
145 0 _ab
200 1 _a55 вокальных распевок на фортепиано
_bНоты
_d55 vocal warm-ups on the piano
_zeng
_fИ. В. Олексенко
203 _aМузыка
_bзнаковая
_bвизуальная
_cнепосредственная
210 _aМосква
_cПеро
_d2023
215 _a224 с.
_cил.
_d30 см
300 _aТит. л. и сопроводительный материал на рус., англ, нем, фр. и кит.
300 _aПеред кажд. номером QR-код для аудиоверсии на YouTube.
313 _aСистематизация документа проведена по изданию - Методика классифицирования музыкальных произведений (нотных изданий) по таблицам Библиотечно-библиографических классификаций : метод. рекомендации / Гос. б-ка СССР им. В.И. Ленина.- М., 1977. Индексу ББК методических рекомендаций присваивается код ББК для научных библиотек - LBC/SL
327 0 _aАвторы: Б. Корелли, У. Мазетти, Г. Панофка, Т. Гауптнер, П. Виардо-Гарсиа, Тоти даль Монте, Д. Барра, А. Варламов, М. И. Глинка, А. Нежданова, В. Рождественская, А. Алчевский
606 1 _aВокальные упражнения. Распевки
_jНоты
_jУчебные издания
_2nlr_sh
606 1 _aМузыкальные произведения для фортепиано
_jНоты
_jУчебные издания
_2shnlr
686 0 _aЩ954.2-09
700 1 _9z02790
_aОлексенко
_bИ. В.
_gИгорь Владимирович
_4070
_7ba
790 1 _9z02700
_aOleksenko
_bI. V.
_gIgor` Vladimirovič
_4070
_7ba
801 0 _aRU
_bNLR
_c20240129
_gPSBO
801 1 _aRU
_bNLR
_c20240129
_2rusmarc
801 2 _aRU
_bNLR
_c20240215
852 _aNLR
_bМ
_j3/12518
_pМОЭ 46831
_t1
852 _aNLR
_bМ
_j3/12518а
_pМОЭ 46832
_t2
942 _cSCORE
980 _aNB
980 _aONIZ